000 00751nam a2200217 a 4500
001 BRCA_7289
005 20190320205800.0
008 020412s1998----mx-ae#####---#000-0#spa-#
041 _aspa
044 _amx
050 4 _aN910.M42
_b.G66 1998
100 1 _aGonzalez Zavala, Verónica
_918038
245 1 0 _aMuseo Franz Mayer Tlalpan
_bun espacio para la cultura, conservación y diversión.
260 _aCiudad de México
_c1998
300 _ai, 135 p.
_bil., planos
_c22 cm.
502 _aTesis Licenciatura (Licenciado en Arquitectura) Universidad Iberoamericana
610 2 4 _aMuseo Franz Mayer (Ciudad de México)
_xProyecto arquitectónico
_918039
700 1 _aVieyra Salazar, Norma Lorena
_ecoaut.
_918040
902 _aTES
942 _2lcc
_cTES
999 _c6967
_d6967